000 00608nam a2200205 i 4500
001 bgj
100 1 _aHAINES, Simon.
245 1 0 _aLandmark :
_bupper-intermediate : student's book /
_cSimon Haines ; Barbara Stewart.
260 _aOxford :
_bOxford University Press,
_c2000.
300 _a159 pp :
_bill. ;
_c28 cm.
650 9 _aEnglish language
_xUpper-intermediate
655 _aTextbooks for foreigners
700 1 _aSTEWART, Barbara.
_eco-author
020 _a0194330850
040 _cBPK
041 0 _aeng
920 _a0-19-433085-0
942 _cKS
008 s uk f |000 0 eng
999 _c48995
_d48995